Ekonomika má svoje pravidlá

Definícia makroekonomickej nerovnováhy. Agregovaný dopyt a ponuka. Output. Význam ekonomických pojmov používaných v súčasnosti.

Na minha lista:
Detalhes bibliográficos
Autor principal: Husár, Jaroslav
Formato: Capítulo de Livro
Idioma:eslovaco
Assuntos:
Tags: Adicionar Tag
Sem tags, seja o primeiro a adicionar uma tag!

MARC

LEADER 00000naa a2200000 4500
001 r036355
005 20251031120013.8
041 0 |a slo 
044 |a SK 
245 1 0 |a Ekonomika má svoje pravidlá  |c Jaroslav Husár 
520 |a Definícia makroekonomickej nerovnováhy. Agregovaný dopyt a ponuka. Output. Význam ekonomických pojmov používaných v súčasnosti. 
610 2 0 |a nerovnováha hospodárska 
610 2 0 |a teória nerovnováhy ekonomickej 
610 2 0 |a ponuka 
610 2 0 |a dopyt 
610 2 0 |a agregácia 
610 2 0 |a nástroje ekonomické 
610 2 0 |a produkt domáci hrubý 
610 2 0 |a pojmy 
100 1 |a Husár, Jaroslav